Postacie historyczne według zdjęcia #3 - Statystyki

Ogólne statystyki
  • Ten quiz został rozwiązany 3 715 razy
  • Średni wynik to 11 z 20
Statystyki odpowiedzi
Obrazkowy Hint Odpowiedź % Poprawnych
1889–1945 Adolf Hitler
96%
1879–1955 Albert Einstein
95%
1920–2005 Jan Paweł II
94%
1769–1821 Napoleon Bonaparte
94%
1809–1865 Abraham Lincoln
85%
1869–1916 Grigorij Rasputin
69%
1893–1976 Mao Zedong
67%
1940–1980 John Lennon
63%
1086–1138 Bolesław III Krzywousty
56%
1819–1901 Wiktoria
56%
1809–1882 Karol Darwin
51%
1901–1971 Louis Armstrong
51%
469 p.n.e.–399 p.n.e. Sokrates
51%
1642–1727 Izaak Newton
50%
1890–1970 Charles de Gaulle
42%
1016–1058 Kazimierz I Odnowiciel
33%
1042–1082 Bolesław II Szczodry
28%
1901–1966 Walt Disney
22%
1899–1961 Ernest Hemingway
21%
1043–1102 Władysław I Herman
21%
Nie znaleziono quizów pasujących do podanych kryteriów
Rozkład punktacji
Procent ludzi z każdym wynikiem
Percentyl według liczby udzielonych odpowiedzi
Twoja historia wyników
Nie rozwiązałeś tego quizu